|
|
|
|
| LEADER |
00827nam a2200193Ia 4500 |
| 008 |
111205s80 ii 000 f mal d |
| 020 |
|
|
|a .
|
| 041 |
|
|
|a mal
|
| 082 |
|
|
|a 853.3V2
|
| 100 |
0 |
|
|a വി. കെ. എൻ.,
|9 245513
|d 1933-
|
| 245 |
|
|
|a പിതാമഹൻ /
|c വി. കെ. എൻ.,
|
| 246 |
|
|
|a Pithamahan
|
| 260 |
|
|
|a കോട്ടയം :
|b ഡി.സി.ബുക്സ് ,
|c 1980.
|
| 300 |
|
|
|a 378 Pages
|
| 653 |
|
|
|a Novel
|
| 942 |
|
|
|c BK
|
| 999 |
|
|
|c 217817
|d 217817
|
| 952 |
|
|
|0 0
|1 0
|2 ddc
|4 0
|6 853_000000000000000_3V2_PIT
|7 0
|9 240725
|a MAL
|b MAL
|c ST1
|d 1972-10-19
|g 0.00
|l 16
|m 1
|o 853.3V2 PIT
|p MAL16368
|r 2019-05-23
|s 2019-04-04
|v 0.00
|w 2011-12-05
|y BK
|
| 952 |
|
|
|0 0
|1 0
|2 ddc
|4 0
|6 853_000000000000000_3V2_PIT
|7 0
|9 255635
|a MAL
|b MAL
|c ST1
|d 2012-06-25
|g 65.00
|l 18
|m 1
|o 853.3V2 PIT
|p MAL33113
|r 2021-07-13
|s 2019-03-27
|w 2012-06-25
|y BK
|